Mobile universe AppGuide : οδηγός iOS : τα πάντα για το iPhone και το iPad
Αποθηκεύτηκε σε:
| Συγγραφή απο Οργανισμό/Αρχή: | |
|---|---|
| Μορφή: | Βιβλίο |
| Γλώσσα: | Greek |
| Δημοσίευση: |
[Αθήνα] :
[4π Ειδικές Εκδόσεις Α.Ε.],
[2011]
|
| Θέματα: | |
| Ετικέτες: |
Προσθήκη ετικέτας
Δεν υπάρχουν, Καταχωρήστε ετικέτα πρώτοι!
|
MARC
| LEADER | 00000cam a2200000 i 4500 | ||
|---|---|---|---|
| 001 | 1/17086 | ||
| 008 | 111212s2011 gre d | ||
| 035 | |l 10111587 | ||
| 040 | |a GR-MY-UA |b gre |e aacr | ||
| 041 | 0 | |a gre | |
| 082 | 0 | |a 006.754 |2 (22) | |
| 245 | 1 | 0 | |a Mobile universe AppGuide : |b οδηγός iOS : τα πάντα για το iPhone και το iPad / |c Ram |
| 260 | |a [Αθήνα] : |b [4π Ειδικές Εκδόσεις Α.Ε.], |c [2011] | ||
| 300 | |a 95 σ.; |b έγχρ. εικ.; |c 24 εκ. | ||
| 500 | |a Διανέμεται με το RAM Νομεβρίου 2011 | ||
| 650 | 0 | 0 | |a iPad (Computer) |x Programming. |
| 650 | 0 | 0 | |a iPhone (Smartphone) |x Programming. |
| 650 | 0 | 0 | |a Application software |x Development. |
| 650 | 0 | 0 | |a iPad (Computer) |x Computer Software. |
| 650 | 0 | 0 | |a iPhone (Smartphone) |x Computer Software. |
| 650 | 0 | 0 | |a Application software |x Design. |
| 710 | 2 | |a RAM. | |
| 852 | |a INST |b CHIOS |e 20111212 |h 006.754 MOB |p 005200033424 |q 005200033424 |t BK |y 0 | ||
| 901 | |a BIBL2-2011-3 | ||
| 909 | |a Χ |b 168845 | ||
| 970 | |a ΣΑΛΑΜΟΥΡΑ |b ΜΑΡΙΑ |z 2011/12/12 | ||